| Tag |
First Indicator |
Second Indicator |
Subfields |
| LEADER |
00000cam a2200000 a 4500 |
| 001 |
in00000017112 |
| 005 |
20220103114027.0 |
| 007 |
cr unu a |
| 008 |
880623s1986 xx a b 00010 eng d |
| 035 |
|
|
|9 AAB1466AM
|
| 035 |
|
|
|a (OCoLC)18126356
|
| 040 |
|
|
|a TXA
|c TXA
|d UtOrBLW
|
| 043 |
|
|
|a nm-----
|
| 049 |
|
|
|a TXAZ [Also in] [Archives]
|c l [A09992625], 2 [A09992633]
|
| 099 |
|
|
|a 1986
|a Thesis
|a L131
|
| 100 |
1 |
|
|a Lacerda, Carla Pauline,
|d 1960-
|
| 245 |
1 |
4 |
|a The distribution of dibenzothiophenes in Gulf of Mexico slope sediments /
|c by Carla Pauline Lacerda.
|
| 264 |
|
1 |
|a [Place of publication not identified] :
|b [publisher not identified] ;
|c 1986.
|
| 300 |
|
|
|a x, 85 leaves :
|b illustrations ;
|c 29 cm.
|
| 336 |
|
|
|a text
|b txt
|2 rdacontent
|
| 337 |
|
|
|a computer
|b c
|2 rdamedia
|
| 338 |
|
|
|a online resource
|b cr
|2 rdacarrier
|
| 500 |
|
|
|a "Major subject: Oceanography."
|
| 500 |
|
|
|a Typescript (photocopy).
|
| 500 |
|
|
|a Vita.
|
| 502 |
|
|
|b M.S.
|c Texas A&M University
|d 1986.
|
| 504 |
|
|
|a Bibliography: leaves 53-57.
|
| 530 |
|
|
|a Also available online.
|
| 650 |
|
0 |
|a Marine sediments
|z Mexico, Gulf of.
|
| 650 |
|
0 |
|a Sulfur compounds.
|
| 650 |
|
4 |
|a Major oceanography.
|
| 856 |
4 |
1 |
|u https://hdl.handle.net/1969.1/ETD-TAMU-1986-THESIS-L131
|z Link to OAKTrust copy
|t 0
|
| 999 |
|
|
|a MARS
|
| 999 |
f |
f |
|s db483466-9ccf-3def-b744-e439f04642a1
|i 812817c9-ee8b-3db5-a630-0ec75a3070ad
|t 0
|
| 952 |
f |
f |
|p noncirc
|a Texas A&M University
|b J.J. Pickle Campus
|c High Density Repository
|s HDR
|d Remote Storage
|t 0
|e 1986 Thesis L131
|h Other scheme
|i computer -- online resource
|m A14839620494
|
| 952 |
f |
f |
|a Texas A&M University
|b College Station
|c Electronic Resources
|s www_evans
|d Available Online
|t 0
|e 1986 Thesis L131
|h Other scheme
|
| 998 |
f |
f |
|a 1986 Thesis L131
|t 0
|l Remote Storage
|
| 998 |
f |
f |
|a 1986 Thesis L131
|t 0
|l Available Online
|